Sněžný měsíc /
Detektivní román odehrávající se mezi obyvateli horských samot v Beskydech. Kriminalista Josef Bergman hledá souvislost mezi vraždami dvou žen, které se mohly znát.
Uloženo v:
| Série: | Josef Bergman,
část 6 |
|---|---|
| Hlavní autor: | |
| Další autoři: | , |
| Médium: | E-audiokniha |
| Jazyk: | Czech |
| Vydáno: |
Praha :
Voxi,
[2020]
|
| Témata: | |
| Příbuzné jednotky: | Z cyklu::
Josef Bergman |
| Tagy: |
Žádné tagy |
| LEADER | 03478nim a2200745 i 4500 | ||
|---|---|---|---|
| 001 | 312999 | ||
| 003 | CZ PrSKC | ||
| 005 | 20260601215733.0 | ||
| 007 | sd fungnnmmned | ||
| 008 | 200221t20202020xr nnnng f n cze | ||
| 015 | |a cnb003177522 | ||
| 024 | 3 | |a 8594050429406 | |
| 040 | |a ABA001 |b cze |e rda | ||
| 072 | 7 | |a 821.162.3-3 |x Česká próza |2 Konspekt | |
| 080 | |a 821.162.3-31 |2 MRF | ||
| 080 | |a (0:82-312.4) |2 MRF | ||
| 080 | |a (086.7)08 |2 MRF | ||
| 080 | |a (086.76) |2 MRF | ||
| 100 | 1 | |a Klevisová, Michaela, |d 1976- |7 xx0065727 |4 aut | |
| 245 | 1 | 0 | |a Sněžný měsíc / |c Michaela Klevisová |
| 264 | 1 | |a Praha : |b Voxi, |c [2020] | |
| 264 | 4 | |c ©2020 | |
| 300 | |a 1 audiodisk (10 hod., 26 min.) ; |c 12 cm | ||
| 306 | |a 102600 | ||
| 336 | |a mluvené slovo |b spw |2 rdacontent | ||
| 337 | |a audio |b s |2 rdamedia | ||
| 338 | |a audiodisk |b sd |2 rdacarrier | ||
| 344 | |a digital |b optical |2 rda | ||
| 347 | |a audio soubor |b MP3 |2 rda | ||
| 500 | |a Název z disku | ||
| 500 | |a Copyright Albatros Media | ||
| 500 | |a Nezkrácená audiokniha ve formátu mp3 | ||
| 508 | |a Režie Matin Šebestík | ||
| 511 | 0 | |a Čte Kristýna Kociánová | |
| 520 | 2 | |a Detektivní román odehrávající se mezi obyvateli horských samot v Beskydech. Kriminalista Josef Bergman hledá souvislost mezi vraždami dvou žen, které se mohly znát. |b Realitní agentka Olga byla zavražděna na odlehlém místě v Beskydech před roubenkou, kterou nabízela k prodeji. Stalo se to jen několik měsíců po vraždě jiné makléřky. Oba případy spojují podobné okolnosti, a navíc se zavražděné ženy mohly znát. Kriminalista Josef Bergman proto odjíždí do hor a pátrá mezi místními obyvateli. Není to však jednoduché, protože obyvatelé horských samot jsou nedůvěřiví a uzavření a spousta z nich má tajemství, o která se s Bergmanem rozhodně dělit nechtějí. Nakladatelská anotace. | |
| 655 | 7 | |a české romány |7 fd133974 |2 czenas | |
| 655 | 7 | |a detektivní romány |7 fd132010 |2 czenas | |
| 655 | 7 | |a audioknihy |7 fd119452 |2 czenas | |
| 655 | 7 | |a kompaktní disky |7 fd201991 |2 czenas | |
| 700 | 1 | |a Šebestík, Martin |7 xx0089616 |4 drt | |
| 700 | 1 | |a Kociánová, Kristýna, |d 1985- |7 xx0199445 |4 nrt | |
| 787 | 0 | 8 | |i Z cyklu: |t Josef Bergman |g 6 |
| 900 | |a ABA001 |b 18 | ||
| 044 | |a xr | ||
| 505 | 0 | 0 | |t Prolog (32 min., 37 sek.) |
| 505 | 0 | 0 | |t Kapitola 1. (38 min., 31 sek.) |
| 505 | 0 | 0 | |t Kapitola 2. (43 min., 45 sek.) |
| 505 | 0 | 0 | |t Kapitola 3. (36 min., 9 sek.) |
| 505 | 0 | 0 | |t Kapitola 4. (30 min., 59 sek.) |
| 505 | 0 | 0 | |t Kapitola 5. (43 min., 7 sek.) |
| 505 | 0 | 0 | |t Kapitola 6. (18 min., 6 sek.) |
| 505 | 0 | 0 | |t Kapitola 7. (34 min., 16 sek.) |
| 505 | 0 | 0 | |t Kapitola 8. (41 min., 36 sek.) |
| 505 | 0 | 0 | |t Kapitola 9. (34 min., 59 sek.) |
| 505 | 0 | 0 | |t Kapitola 10. (38 min., 42 sek.) |
| 505 | 0 | 0 | |t Kapitola 11. (1 hod., 1 min., 45 sek.) |
| 505 | 0 | 0 | |t Kapitola 12. (45 min., 6 sek.) |
| 505 | 0 | 0 | |t Kapitola 13. (41 min., 19 sek.) |
| 505 | 0 | 0 | |t Kapitola 14. (20 min., 18 sek.) |
| 505 | 0 | 0 | |t Kapitola 15. (43 min., 53 sek.) |
| 505 | 0 | 0 | |t Kapitola 16. (18 min., 58 sek.) |
| 505 | 0 | 0 | |t Epilog (1 min., 38 sek.) |
| 910 | |a RBIT002 | ||
| 998 | |d 206566 |a https://core.palmknihy.cz/api/books/206566/cover?sia8se |b https://core.palmknihy.cz/api/books/206566/cover/400?sia8se |c https://core.palmknihy.cz/api/books/206566/cover/50?sia8se |e 2035-12-31 |i 8594050429406 |l 37560 |q 49 |r 1 |s https://www.palmknihy.cz/kniha/206566 |t audiobook |y 2020 |z 0 | ||
| 999 | |d 312997 | ||